Sports Quiz

Random Sports or Nation Quiz

Highest soccer transfer fees between nations Quiz Stats

 Plays Quiz not verified by Sporcle

Score 0/25 Timer 10:00
0 Plays Today
% Correct
Cristiano Ronaldo
93.1%
Zinedine Zidane
64.4%
Kun Aguero
55.9%
Ruud Van Nistelrooy
39.9%
Andriy Shevchenko
38.3%
Karim Benzema
34.6%
Michael Essien
31.4%
Falcao
30.9%
Willian
26.1%
Gaizka Mendieta
25%
Anderson
20.7%
Edin Dzeko
20.2%
Craig Gordon
16.5%
% Correct
Klass Jan Huntelaar
16%
Javier Saviola
14.9%
Pato
14.9%
Diego
13.3%
Denilson
12.8%
Tore Andre Flo
11.2%
Jo
8%
Jaap Stam
5.9%
Marcio Amoroso
5.3%
Walter Samuel
3.2%
Breno
3.2%
Tiago
2.1%

You're not logged in!

Compare scores with friends on all Sporcle quizzes.
Join for Free
OR
Log In

You Might Also Like...

Show Comments

Extras

Top Quizzes Today


Score Distribution

Your Account Isn't Verified!

In order to create a playlist on Sporcle, you need to verify the email address you used during registration. Go to your Sporcle Settings to finish the process.

Report this User

Report this user for behavior that violates our Community Guidelines.

Details: